Comunidades educativas y democracia plural: el problema de la interculturalidad en los curricula de la educación argentina

El decenio de los noventa en Argentina fue pródigo en cuerpos normativos de diferentes naturaleza, en los cuales por primera vez el concepto de interculturalidad, en tanto reconocimiento y respeto de la diversidad cultural, comenzó a constituirse en criterio para la acción estatal encaminada hacia l...

Full description

Bibliographic Details
Main Author: Batallán, Graciela
Other Authors: Campanini, Silvana
Format: Analitica de revista
Language:Spanish
Published: Santiago, Chile: Universidad Academia de Humanismo Cristiano, 2002.
Subjects:
Online Access:Disponible en línea (PDF). Biblioteca Digital UAHC

MARC

LEADER 00000cab a2200000 a 4500
001 041710
003 UAHC_CL
005 20210909180015.0
008 031114s2002 cl 000 spa
952 |0 0  |1 0  |4 0  |6 REVISTA_DE_LA_ACADEMIA07_02_000000000000000  |7 0  |8 COMP  |9 78206  |a BC  |b BC  |c Hemeroteca  |d 2017-08-03  |l 0  |o REVISTA DE LA ACADEMIA-07/02  |r 2018-01-23 00:00:00  |w 2017-08-03  |y REVA 
999 |c 41710  |d 41710 
040 |a UAHC_CL  |c UAHC_CL  |d UAHC_CL 
100 |a Batallán, Graciela  |9 4397 
245 1 0 |a Comunidades educativas y democracia plural:  |b el problema de la interculturalidad en los curricula de la educación argentina   |c Graciela Batallán y Silvana Campanini. 
260 |a Santiago, Chile:  |b Universidad Academia de Humanismo Cristiano,  |c 2002. 
300 |a p. 161-171 
500 |a En: Revista de la Academia, No 7, 2002. pp. 161-171. ISSN 07171846. 
520 |a El decenio de los noventa en Argentina fue pródigo en cuerpos normativos de diferentes naturaleza, en los cuales por primera vez el concepto de interculturalidad, en tanto reconocimiento y respeto de la diversidad cultural, comenzó a constituirse en criterio para la acción estatal encaminada hacia la profundización de la convivencia democrática. 
650 0 |a Educación multicultural  |9 434 
650 0 |a Educación y Estado  |9 4254 
700 |a Campanini, Silvana  |9 4719 
856 |u http://bibliotecadigital.academia.cl/xmlui/handle/123456789/2856  |y Disponible en línea (PDF). Biblioteca Digital UAHC 
900 |a REVISTA DE LA ACADEMIA-07/02 
942 |c REVA